| 000 | 00984nas a2200325 4500 | ||
|---|---|---|---|
| 001 | BR2015003602 | ||
| 003 | BR-BrBNA | ||
| 005 | 20231205125436.0 | ||
| 007 | ta | ||
| 008 | 230509b bl.|||p| |||| 00| 00por d | ||
| 040 |
_aBR-BrBNA _bpor _cBiblioteca Nacional de Agricultura |
||
| 041 | _a(Pt) | ||
| 072 | _aQ02 | ||
| 100 | 1 | _aTavares Filho, L.F. de Q. | |
| 100 | 1 | _aGodoy, R.C.B. de | |
| 100 | 1 | _aTeshima, E. | |
| 100 | 1 | _aCardoso, R.L. | |
| 100 | 1 | _aBarbosa, P.R.S. | |
| 100 | 1 | _aSantana, D.N.L. de | |
| 245 | 1 | _aAvaliação microbiológica da polpa de cajá conservada por métodos combinados | |
| 650 | _aCAJÁ | ||
| 650 | _aPOLPA | ||
| 650 | _aPRESERVAÇÃO DE ALIMENTO | ||
| 650 | _aCOLIFORME | ||
| 650 | _aSALMONELLA | ||
| 650 | _aMICROBIOLOGIA DE ALIMENTO | ||
| 773 | 0 |
_tRevista do Instituto Adolfo Lutz (Brazil) _xISSN 0073-9855 _g(Oct-Dec 2010), v. 69(4) p. 510-517 _wBR2015003602 |
|
| 909 |
_a202311 _bLúcia _c55 _dLúcia Elande |
||
| 942 |
_2AGRIS _n0 _cANA |
||
| 999 |
_c244398 _d244398 |
||